000 01924nam a22002177a 4500
005 20250805093401.0
008 240702b ||||| |||| 00| 0 eng d
040 _cAL
041 _akan
082 _223
_a351.3K
_bBALK
100 _aA Balaraju
_9233841
100 _9172663
_dಎ ಬಾಲರಾಜು
245 _aKAS : Purvabhavi pariksheya siddhategagi
_b: ಕೆಎಎಸ್ ಪೂರ್ವಭಾವಿ ಪರೀಕ್ಷೆಯ ಸಿಧ್ಧತೆಗಾಗಿ
260 _aKolara
_bSMV Publications
_c2023
300 _aiv,688p
_bPB
_c24x17cm
365 _2Competitive Exam
_a1201
_b532.00
_c
_d665.00
_e20%
_f26-05-2024
520 _aವಿಶೇಷತೆಗಳು: ಪ್ರತಿ ಪ್ರಶ್ನೆಗೂ ಸರಿ ಉತ್ತರದ ಜೊತೆಗೆ ಸಂಪೂರ್ಣ ವಿವರಣೆಯನ್ನು ನೀಡಲಾಗಿದೆ. ಹಿಂದಿನ ಹತ್ತು ಪ್ರಶ್ನೆಪತ್ರಿಕೆಗಳ ಸಾಮಾನ್ಯ ಅಧ್ಯಯನದ ಸರಿ ಉತ್ತರಗಳ ಸಂಪೂರ್ಣ ವಿವರಣೆಯೊಂದಿಗೆ ಸ್ಪರ್ಧಾರ್ಥಿಗಳ ಉಪಯುಕ್ತಕ್ಕಾಗಿ ಅಗತ್ಯವಿರುವ ಕಡೆ ಪಟ್ಟಿಗಳ ರೂಪದಲ್ಲಿ ಹೆಚ್ಚಿನ ಮಾಹಿತಿ ನೀಡಲಾಗಿದೆ. ಗಣಿತ, ಮಾನಸಿಕ ಸಾಮರ್ಥ್ಯದ ಸಮಸ್ಯೆಗಳನ್ನು ಸರಳ ಸುಲಭ ವಿಧಾನದಲ್ಲಿ ಬಿಡಿಸಲಾಗಿದೆ. ಹೊಸ ಪಠ್ಯಕ್ರಮ ನಡೆದ ಪೂರ್ವಭಾವಿ ಪರೀಕ್ಷೆಯ ಹಿಂದಿನ ಹತ್ತು ಸಾಮಾನ್ಯ ಅಧ್ಯಯನದ ಪ್ರಶ್ನೆಪತ್ರಿಕೆಗಳ ಸರಿ ಉತ್ತರಗಳ ಸಂಪೂರ್ಣ ವಿವರಣೆಯೊಂದಿಗೆ
650 _aCivil Service
_9172292
650 _aCompetitive Exam
_9172293
942 _2ddc
_cBK
999 _c231358
_d231358